[Event "European Online Club-ch-D 2021"]
[Site "Online"]
[Date "2021.03.27"]
[Round "7.14"]
[White "Howell, David W L"]
[Black "Nandhidhaa, P V"]
[Result "1-0"]
[WhiteElo "2658"]
[BlackElo "2365"]
[Annotator "ChessBase"]
[PlyCount "93"]
[EventDate "2021.03.27"]
[EventType "team-tourn"]
[EventCountry "NET"]
[SourceTitle "playchess.com"]
[Source "ChessBase"]
[SourceQuality "1"]
[TimeControl "900+5"]

1. e3 {[%emt 0:00:00]} d5 {[%emt 0:00:15]} 2. Nf3 {[%emt 0:00:18]} Nf6 {[%emt 0:00:03]} 3. c4 {[%emt 0:00:03]} e6 {[%emt 0:00:04]} 4. Nc3 {[%emt 0:00:13]} b6 {[%emt 0:00:05]} 5. b3 {[%emt 0:00:02]} Bb7 {[%emt 0:00:04]} 6. Bb2 {[%emt 0:00:02]} Be7 {[%emt 0:00:16]} 7. g3 {[%emt 0:00:47]} dxc4 {[%emt 0:00:34]} 8. bxc4 {[%emt 0:00:03]} c5 {[%emt 0:00:07]} 9. Bg2 {[%emt 0:00:05]} O-O {[%emt 0:00:04]} 10. O-O {[%emt 0:00:05]} Nc6 {[%emt 0:00:57]} 11. Qe2 {[%emt 0:00:04]} Nb4 {[%emt 0:01:45]} 12. d4 {[%emt 0:02:09]} cxd4 {[%emt 0:00:48]} 13. exd4 {[%emt 0:00:03]} Rc8 {[%emt 0:00:22]} 14. Rfd1 {[%emt 0:01:17]} Re8 {[%emt 0:02:23]} 15. Rac1 {[%emt 0:00:12]} Bf8 {[%emt 0:00:32]} 16. Qf1 {[%emt 0:03:59]} Ne4 {[%emt 0:01:03]} 17. a3 {[%emt 0:00:29]} Nxc3 {[%emt 0:00:12]} 18. Rxc3 {[%emt 0:00:01]} Nc6 {[%emt 0:00:24]} 19. d5 {[%emt 0:00:04]} exd5 {[%emt 0:00:09]} 20. cxd5 {[%emt 0:00:01]} Na5 {[%emt 0:00:21]} 21. Qd3 {[%emt 0:00:41]} Rxc3 {[%emt 0:01:01]} 22. Bxc3 {[%emt 0:00:43]} Nb3 {[%emt 0:00:42]} 23. Ne5 {[%emt 0:00:31]} Nc5 {[%emt 0:00:32]} 24. Qc2 {[%emt 0:00:24]} Qc7 {[%emt 0:01:25]} 25. Nc6 {[%emt 0:00:22]} a6 {[%emt 0:00:49]} 26. h4 {[%emt 0:00:25]} h6 {[%emt 0:00:05]} 27. a4 {[%emt 0:00:15]} Qd6 {[%emt 0:00:40]} 28. Rb1 {[%emt 0:00:17]} Qc7 {[%emt 0:00:26]} 29. Bd4 {[%emt 0:01:27]} a5 {[%emt 0:00:22]} 30. Bf3 {[%emt 0:00:03]} Ba6 {[%emt 0:00:12]} 31. Rd1 {[%emt 0:00:01]} Nb7 {[%emt 0:00:32]} 32. Kg2 {[%emt 0:00:20]} Nc5 {[%emt 0:00:12]} 33. h5 {[%emt 0:00:05]} Nb7 {[%emt 0:00:02]} 34. Qf5 {[%emt 0:00:37]} Nd6 {[%emt 0:00:05]} 35. Qf4 {[%emt 0:00:10]} Be2 {[%emt 0:00:03]} 36. Rb1 {[%emt 0:00:21]} Bxf3+ {[%emt 0:00:04]} 37. Qxf3 {[%emt 0:00:01]} Nc4 {[%emt 0:00:05]} 38. Qd3 {[%emt 0:00:10]} Na3 {[%emt 0:00:11]} 39. Rxb6 {[%emt 0:00:06]} Qd6 {[%emt 0:00:06]} 40. Be3 {[%emt 0:00:14]} Qf6 {[%emt 0:00:09]} 41. Nxa5 {[%emt 0:00:20]} Qd8 {[%emt 0:00:06]} 42. Nc6 {[%emt 0:00:22]} Qc7 {[%emt 0:00:04]} 43. a5 {[%emt 0:00:04]} Rxe3 {[%emt 0:00:06]} 44. fxe3 {[%emt 0:00:06]} Qd6 {[%emt 0:00:07]} 45. a6 {[%emt 0:00:06]} Qd7 {[%emt 0:00:06]} 46. a7 {[%emt 0:00:02]} Qg4 {[%emt 0:00:03]} 47. a8=Q {[%emt 0:00:06]} 1-0

[Event "European Online Club-ch-D 2021"]
[Site "Online"]
[Date "2021.03.27"]
[Round "7.15"]
[White "Dauletova, Gulmira"]
[Black "Jones, Gawain C B"]
[Result "0-1"]
[WhiteElo "2285"]
[BlackElo "2670"]
[Annotator "ChessBase"]
[PlyCount "110"]
[EventDate "2021.03.27"]
[EventType "team-tourn"]
[EventCountry "NET"]
[SourceTitle "playchess.com"]
[Source "ChessBase"]
[SourceQuality "1"]
[TimeControl "900+5"]

1. e4 {[%emt 0:00:00]} e5 {[%emt 0:00:13]} 2. Nf3 {[%emt 0:00:03]} Nc6 {[%emt 0:00:11]} 3. Bb5 {[%emt 0:00:03]} a6 {[%emt 0:00:02]} 4. Ba4 {[%emt 0:00:02]} d6 {[%emt 0:00:01]} 5. c3 {[%emt 0:00:19]} g6 {[%emt 0:00:17]} 6. d4 {[%emt 0:01:10]} Bd7 {[%emt 0:00:03]} 7. O-O {[%emt 0:00:41]} Bg7 {[%emt 0:00:03]} 8. d5 {[%emt 0:01:04]} Nce7 {[%emt 0:00:06]} 9. c4 {[%emt 0:00:08]} b5 {[%emt 0:00:10]} 10. Bb3 {[%emt 0:01:02]} Nf6 {[%emt 0:00:19]} 11. Re1 {[%emt 0:00:18]} O-O {[%emt 0:01:01]} 12. a4 {[%emt 0:00:41]} Nh5 {[%emt 0:00:29]} 13. axb5 {[%emt 0:02:33]} axb5 {[%emt 0:00:04]} 14. Rxa8 {[%emt 0:00:02]} Qxa8 {[%emt 0:00:00]} 15. cxb5 {[%emt 0:00:37]} Bxb5 {[%emt 0:00:03]} 16. Nc3 {[%emt 0:00:02]} Ba6 {[%emt 0:00:13]} 17. Bg5 {[%emt 0:00:54]} Bf6 {[%emt 0:00:27]} 18. Be3 {[%emt 0:02:28]} Rb8 {[%emt 0:00:07]} 19. Nd2 {[%emt 0:00:12]} Nf4 {[%emt 0:00:17]} 20. Bxf4 {[%emt 0:01:01]} exf4 {[%emt 0:00:03]} 21. Qc2 {[%emt 0:00:04]} Bc8 {[%emt 0:01:23]} 22. Na4 {[%emt 0:00:53]} Qa5 {[%emt 0:00:50]} 23. Rd1 {[%emt 0:00:10]} Bg4 {[%emt 0:00:24]} 24. f3 {[%emt 0:00:03]} Bd7 {[%emt 0:00:07]} 25. Nc3 {[%emt 0:00:25]} h5 {[%emt 0:00:28]} 26. Kh1 {[%emt 0:00:21]} g5 {[%emt 0:02:11]} 27. e5 {[%emt 0:00:22]} Bxe5 {[%emt 0:00:23]} 28. Nc4 {[%emt 0:00:06]} Qb4 {[%emt 0:00:07]} 29. Nxe5 {[%emt 0:00:15]} Bf5 {[%emt 0:01:37]} 30. Ne4 {[%emt 0:00:48]} Bxe4 {[%emt 0:00:52]} 31. fxe4 {[%emt 0:00:31]} Qxb3 {[%emt 0:00:08]} 32. Qxb3 {[%emt 0:00:05]} Rxb3 {[%emt 0:00:00]} 33. Nc4 {[%emt 0:00:03]} f5 {[%emt 0:00:24]} 34. Re1 {[%emt 0:00:18]} fxe4 {[%emt 0:00:06]} 35. Rxe4 {[%emt 0:00:02]} Nxd5 {[%emt 0:00:01]} 36. h4 {[%emt 0:00:02]} g4 {[%emt 0:00:56]} 37. Rd4 {[%emt 0:00:02]} c6 {[%emt 0:00:04]} 38. Kg1 {[%emt 0:00:15]} Rb4 {[%emt 0:00:04]} 39. Kf2 {[%emt 0:00:03]} Nb6 {[%emt 0:00:03]} 40. b3 {[%emt 0:00:03]} d5 {[%emt 0:00:04]} 41. Rxf4 {[%emt 0:00:03]} dxc4 {[%emt 0:00:01]} 42. bxc4 {[%emt 0:00:01]} Nxc4 {[%emt 0:00:07]} 43. Rf5 {[%emt 0:00:08]} Rb2+ {[%emt 0:00:05]} 44. Ke1 {[%emt 0:00:09]} Rxg2 {[%emt 0:00:08]} 45. Rxh5 {[%emt 0:00:02]} Kf7 {[%emt 0:00:11]} 46. Rc5 {[%emt 0:00:02]} Rc2 {[%emt 0:00:17]} 47. Rxc6 {[%emt 0:00:03]} g3 {[%emt 0:00:03]} 48. Rc7+ {[%emt 0:00:16]} Kf6 {[%emt 0:00:10]} 49. Rc6+ {[%emt 0:00:03]} Kf5 {[%emt 0:00:02]} 50. Rc5+ {[%emt 0:00:01]} Kg4 {[%emt 0:00:03]} 51. Rg5+ {[%emt 0:00:03]} Kxh4 {[%emt 0:00:02]} 52. Rg8 {[%emt 0:00:03]} Ne5 {[%emt 0:00:26]} 53. Kf1 {[%emt 0:00:04]} Rf2+ {[%emt 0:00:03]} 54. Ke1 {[%emt 0:00:07]} Nf3+ {[%emt 0:00:01]} 55. Kd1 {[%emt 0:00:01]} g2 {[%emt 0:00:02]} 0-1

[Event "European Online Club-ch-D 2021"]
[Site "Online"]
[Date "2021.03.27"]
[Round "7.16"]
[White "Cheparinov, Ivan"]
[Black "Muminova, Nafisa"]
[Result "1-0"]
[WhiteElo "2667"]
[BlackElo "2274"]
[Annotator "ChessBase"]
[PlyCount "75"]
[EventDate "2021.03.27"]
[EventType "team-tourn"]
[EventCountry "NET"]
[SourceTitle "playchess.com"]
[Source "ChessBase"]
[SourceQuality "1"]
[TimeControl "900+5"]

1. d4 {[%emt 0:00:00]} e6 {[%emt 0:00:12]} 2. Nf3 {[%emt 0:00:07]} Nf6 {[%emt 0:00:18]} 3. c4 {[%emt 0:00:02]} b6 {[%emt 0:00:02]} 4. g3 {[%emt 0:00:02]} Ba6 {[%emt 0:00:13]} 5. b3 {[%emt 0:00:03]} Be7 {[%emt 0:00:17]} 6. Nc3 {[%emt 0:00:29]} d5 {[%emt 0:00:06]} 7. cxd5 {[%emt 0:00:12]} exd5 {[%emt 0:00:04]} 8. Bg2 {[%emt 0:00:02]} O-O {[%emt 0:00:05]} 9. O-O {[%emt 0:00:01]} Re8 {[%emt 0:00:09]} 10. Bb2 {[%emt 0:00:02]} Bb4 {[%emt 0:00:05]} 11. Ne5 {[%emt 0:00:19]} Qd6 {[%emt 0:03:06]} 12. a3 {[%emt 0:01:14]} Bxc3 {[%emt 0:00:10]} 13. Bxc3 {[%emt 0:00:01]} Ne4 {[%emt 0:00:21]} 14. Bb2 {[%emt 0:00:21]} f6 {[%emt 0:01:53]} 15. Nd3 {[%emt 0:00:03]} Nd7 {[%emt 0:00:21]} 16. Rc1 {[%emt 0:00:04]} Nf8 {[%emt 0:01:49]} 17. Qc2 {[%emt 0:01:46]} Re7 {[%emt 0:01:47]} 18. Rfd1 {[%emt 0:00:20]} Rae8 {[%emt 0:00:17]} 19. e3 {[%emt 0:00:08]} Bb7 {[%emt 0:00:22]} 20. a4 {[%emt 0:00:40]} h5 {[%emt 0:00:07]} 21. Ra1 {[%emt 0:00:14]} Rf7 {[%emt 0:00:25]} 22. Ba3 {[%emt 0:00:06]} Qd7 {[%emt 0:00:02]} 23. Rac1 {[%emt 0:00:54]} h4 {[%emt 0:00:12]} 24. Qe2 {[%emt 0:00:07]} hxg3 {[%emt 0:00:16]} 25. hxg3 {[%emt 0:00:03]} Nh7 {[%emt 0:00:04]} 26. Qh5 {[%emt 0:00:13]} Nhg5 {[%emt 0:00:21]} 27. Nf4 {[%emt 0:00:17]} g6 {[%emt 0:00:41]} 28. Qxg6+ {[%emt 0:00:11]} Rg7 {[%emt 0:00:03]} 29. Rxc7 {[%emt 0:00:16]} Qxc7 {[%emt 0:01:09]} 30. Qxe8+ {[%emt 0:00:03]} Kh7 {[%emt 0:00:02]} 31. Rc1 {[%emt 0:00:24]} Qd7 {[%emt 0:00:22]} 32. Qxd7 {[%emt 0:00:11]} Rxd7 {[%emt 0:00:02]} 33. Bf1 {[%emt 0:00:34]} Nf3+ {[%emt 0:00:33]} 34. Kg2 {[%emt 0:00:03]} Nfd2 {[%emt 0:00:02]} 35. Bb5 {[%emt 0:00:54]} Rg7 {[%emt 0:00:34]} 36. Ne6 {[%emt 0:00:02]} Nxb3 {[%emt 0:00:27]} 37. Rc2 {[%emt 0:01:17]} Rf7 {[%emt 0:00:29]} 38. Be8 {[%emt 0:00:15]} 1-0

[Event "European Online Club-ch-D 2021"]
[Site "Online"]
[Date "2021.03.27"]
[Round "7.17"]
[White "Reimanis, Ritvars"]
[Black "Lopez Del Alamo, Antonio"]
[Result "1/2-1/2"]
[WhiteElo "2412"]
[BlackElo "2295"]
[Annotator "NA"]
[PlyCount "210"]
[EventDate "2021.03.27"]
[EventType "team-tourn"]
[EventCountry "NET"]
[SourceTitle "playchess.com"]
[Source "ChessBase"]
[SourceQuality "1"]
[TimeControl "900+5"]

1. d4 {[%emt 0:00:00]} Nf6 {[%emt 0:00:04]} 2. c4 {[%emt 0:00:02]} g6 {[%emt 0:00:01]} 3. Nc3 {[%emt 0:00:02]} Bg7 {[%emt 0:00:02]} 4. e4 {[%emt 0:00:01]} d6 {[%emt 0:00:01]} 5. Be2 {[%emt 0:00:02]} O-O {[%emt 0:00:02]} 6. Nf3 {[%emt 0:00:02]} e5 {[%emt 0:00:02]} 7. O-O {[%emt 0:00:01]} Nc6 {[%emt 0:00:01]} 8. d5 {[%emt 0:00:02]} Ne7 {[%emt 0:00:02]} 9. Ne1 {[%emt 0:00:01]} Nd7 {[%emt 0:00:03]} 10. f3 {[%emt 0:00:02]} f5 {[%emt 0:00:01]} 11. g4 {[%emt 0:00:01]} fxg4 {[%emt 0:02:20]} 12. fxg4 {[%emt 0:00:03]} Rxf1+ {[%emt 0:00:05]} 13. Kxf1 {[%emt 0:00:19]} Nf6 {[%emt 0:00:13]} 14. g5 {[%emt 0:00:10]} Nh5 {[%emt 0:00:05]} 15. Bxh5 {[%emt 0:00:51]} gxh5 {[%emt 0:00:03]} 16. Qxh5 {[%emt 0:00:02]} Ng6 {[%emt 0:00:10]} 17. Ng2 {[%emt 0:00:04]} Bd7 {[%emt 0:00:47]} 18. Kg1 {[%emt 0:00:04]} Qe7 {[%emt 0:00:57]} 19. Be3 {[%emt 0:00:16]} Rf8 {[%emt 0:00:24]} 20. Rf1 {[%emt 0:00:48]} Rxf1+ {[%emt 0:01:33]} 21. Kxf1 {[%emt 0:00:03]} Qf8+ {[%emt 0:00:53]} 22. Ke1 {[%emt 0:00:52]} Qc8 {[%emt 0:00:37]} 23. Qf3 {[%emt 0:00:21]} a6 {[%emt 0:00:29]} 24. c5 {[%emt 0:00:21]} dxc5 {[%emt 0:00:21]} 25. Bxc5 {[%emt 0:00:04]} b5 {[%emt 0:00:10]} 26. h4 {[%emt 0:00:53]} Bh3 {[%emt 0:00:13]} 27. Bf2 {[%emt 0:00:20]} b4 {[%emt 0:00:40]} 28. Ne2 {[%emt 0:00:12]} a5 {[%emt 0:00:28]} 29. Ne3 {[%emt 0:00:09]} Nf4 {[%emt 0:00:47]} 30. Nxf4 {[%emt 0:00:07]} exf4 {[%emt 0:00:02]} 31. Nc4 {[%emt 0:00:06]} Bd7 {[%emt 0:01:21]} 32. Qxf4 {[%emt 0:04:33]} Bb5 {[%emt 0:00:05]} 33. Ne5 {[%emt 0:00:06]} Bxe5 {[%emt 0:01:35]} 34. Qxe5 {[%emt 0:00:03]} Qg4 {[%emt 0:00:02]} 35. Qe6+ {[%emt 0:00:16]} Qxe6 {[%emt 0:00:04]} 36. dxe6 {[%emt 0:00:01]} Bc4 {[%emt 0:00:28]} 37. e7 {[%emt 0:00:38]} Kf7 {[%emt 0:00:03]} 38. Bc5 {[%emt 0:00:03]} Bxa2 {[%emt 0:00:11]} 39. h5 {[%emt 0:00:45]} Ke8 {[%emt 0:00:55]} 40. g6 {[%emt 0:00:21]} hxg6 {[%emt 0:00:36]} 41. hxg6 {[%emt 0:00:10]} Bb1 {[%emt 0:00:25]} 42. g7 {[%emt 0:00:03]} Ba2 {[%emt 0:00:01]} 43. Kd2 {[%emt 0:00:09]} Bg8 {[%emt 0:00:15]} 44. Ke3 {[%emt 0:00:06]} Bf7 {[%emt 0:00:08]} 45. Kf4 {[%emt 0:00:08]} Bg8 {[%emt 0:00:04]} 46. Kf5 {[%emt 0:00:09]} Kd7 {[%emt 0:00:21]} 47. Kf6 {[%emt 0:00:07]} Ke8 {[%emt 0:00:04]} 48. Kg6 {[%emt 0:00:55]} Kd7 {[%emt 0:00:06]} 49. e5 {[%emt 0:00:09]} Ke8 {[%emt 0:00:09]} 50. e6 {[%emt 0:00:26]} c6 {[%emt 0:00:23]} 51. Kf6 {[%emt 0:00:48]} b3 {[%emt 0:00:10]} 52. Ke5 {[%emt 0:00:09]} a4 {[%emt 0:00:02]} 53. Kd6 {[%emt 0:00:04]} a3 {[%emt 0:00:08]} 54. Bxa3 {[%emt 0:00:05]} c5 {[%emt 0:00:03]} 55. Bxc5 {[%emt 0:01:28]} Bxe6 {[%emt 0:00:04]} 56. Ke5 {[%emt 0:00:02]} Bg8 {[%emt 0:00:03]} 57. Kf6 {[%emt 0:00:01]} Kd7 {[%emt 0:00:03]} 58. Kg6 {[%emt 0:00:22]} Ke8 {[%emt 0:00:03]} 59. Bb4 {[%emt 0:00:02]} Kd7 {[%emt 0:00:01]} 60. Kh6 {[%emt 0:00:02]} Ke8 {[%emt 0:00:02]} 61. Ba3 {[%emt 0:00:00]} Kd7 {[%emt 0:00:02]} 62. Kg6 {[%emt 0:00:01]} Ke8 {[%emt 0:00:01]} 63. Kf6 {[%emt 0:00:03]} Kd7 {[%emt 0:00:02]} 64. Bb4 {[%emt 0:00:01]} Ke8 {[%emt 0:00:02]} 65. Be1 {[%emt 0:00:01]} Kd7 {[%emt 0:00:01]} 66. Bh4 {[%emt 0:00:01]} Ke8 {[%emt 0:00:02]} 67. Ke5 {[%emt 0:00:21]} Kd7 {[%emt 0:00:04]} 68. Bg5 {[%emt 0:00:02]} Bf7 {[%emt 0:00:04]} 69. Kf5 {[%emt 0:00:06]} Bg8 {[%emt 0:00:03]} 70. Kg4 {[%emt 0:00:01]} Ke8 {[%emt 0:00:02]} 71. Kf4 {[%emt 0:00:01]} Kd7 {[%emt 0:00:02]} 72. Ke5 {[%emt 0:00:01]} Bf7 {[%emt 0:00:01]} 73. Kf6 {[%emt 0:00:01]} Bg8 {[%emt 0:00:02]} 74. Bh4 {[%emt 0:00:03]} Ke8 {[%emt 0:00:02]} 75. Ke5 {[%emt 0:00:01]} Kd7 {[%emt 0:00:02]} 76. Kd4 {[%emt 0:00:01]} Bf7 {[%emt 0:00:02]} 77. Ke4 {[%emt 0:00:01]} Bg8 {[%emt 0:00:02]} 78. Kf4 {[%emt 0:00:01]} Bf7 {[%emt 0:00:01]} 79. Kf5 {[%emt 0:00:02]} Bg8 {[%emt 0:00:02]} 80. Ke5 {[%emt 0:00:02]} Bf7 {[%emt 0:00:02]} 81. Bg5 {[%emt 0:00:11]} Bg8 {[%emt 0:00:04]} 82. Ke4 {[%emt 0:00:00]} Bf7 {[%emt 0:00:10]} 83. Bh4 {[%emt 0:00:02]} Bg8 {[%emt 0:00:02]} 84. Kf4 {[%emt 0:00:01]} Bf7 {[%emt 0:00:01]} 85. Bf6 {[%emt 0:00:01]} Bg8 {[%emt 0:00:02]} 86. Ke5 {[%emt 0:00:01]} Bf7 {[%emt 0:00:02]} 87. Kf5 {[%emt 0:00:00]} Bg8 {[%emt 0:00:02]} 88. Kg5 {[%emt 0:00:01]} Ke8 {[%emt 0:00:03]} 89. Kh6 {[%emt 0:00:02]} Kd7 {[%emt 0:00:01]} 90. Bh4 {[%emt 0:00:01]} Ke8 {[%emt 0:00:02]} 91. Kg6 {[%emt 0:00:01]} Kd7 {[%emt 0:00:02]} 92. Bg5 {[%emt 0:00:01]} Ke8 {[%emt 0:00:01]} 93. Kf6 {[%emt 0:00:39]} Kd7 {[%emt 0:00:04]} 94. Kf5 {[%emt 0:00:01]} Bf7 {[%emt 0:00:03]} 95. Ke5 {[%emt 0:00:02]} Bg8 {[%emt 0:00:03]} 96. Bh4 {[%emt 0:00:02]} Bf7 {[%emt 0:00:01]} 97. Kf5 {[%emt 0:00:02]} Bg8 {[%emt 0:00:02]} 98. Kg4 {[%emt 0:00:01]} Ke8 {[%emt 0:00:02]} 99. Kh5 {[%emt 0:00:02]} Kd7 {[%emt 0:00:02]} 100. Kg6 {[%emt 0:00:01]} Ke8 {[%emt 0:00:01]} 101. Kf6 {[%emt 0:00:01]} Kd7 {[%emt 0:00:02]} 102. Bf2 {[%emt 0:00:02]} Ke8 {[%emt 0:00:02]} 103. Bc5 {[%emt 0:00:02]} Kd7 {[%emt 0:00:02]} 104. Ba3 {[%emt 0:00:02]} Ke8 {[%emt 0:00:02]} 105. Ke5 {[%emt 0:00:01]} Kd7 {[%emt 0:00:02]} 1/2-1/2

[Event "European Online Club-ch-D 2021"]
[Site "Online"]
[Date "2021.03.27"]
[Round "7.18"]
[White "Sanchez Gonzalez, Sergio"]
[Black "Kvetny, Mark"]
[Result "0-1"]
[WhiteElo "2281"]
[BlackElo "2416"]
[Annotator "NA"]
[PlyCount "84"]
[EventDate "2021.03.27"]
[EventType "team-tourn"]
[EventCountry "NET"]
[SourceTitle "playchess.com"]
[Source "ChessBase"]
[SourceQuality "1"]
[TimeControl "900+5"]

1. c4 {[%emt 0:00:00]} b6 {[%emt 0:00:15]} 2. Nc3 {[%emt 0:00:06]} Bb7 {[%emt 0:00:02]} 3. d4 {[%emt 0:00:02]} e6 {[%emt 0:00:01]} 4. Nf3 {[%emt 0:00:29]} Bb4 {[%emt 0:00:04]} 5. Qb3 {[%emt 0:00:09]} a5 {[%emt 0:00:11]} 6. a3 {[%emt 0:00:03]} a4 {[%emt 0:00:13]} 7. Qc2 {[%emt 0:00:11]} Bxc3+ {[%emt 0:00:10]} 8. Qxc3 {[%emt 0:00:02]} Nf6 {[%emt 0:00:02]} 9. e3 {[%emt 0:00:17]} d6 {[%emt 0:01:00]} 10. Bd3 {[%emt 0:00:04]} Nbd7 {[%emt 0:00:22]} 11. b4 {[%emt 0:00:38]} axb3 {[%emt 0:00:03]} 12. Bb2 {[%emt 0:00:04]} Ne4 {[%emt 0:00:54]} 13. Qxb3 {[%emt 0:00:09]} Ng5 {[%emt 0:00:38]} 14. Be2 {[%emt 0:00:39]} Nxf3+ {[%emt 0:01:00]} 15. gxf3 {[%emt 0:00:07]} Qh4 {[%emt 0:02:03]} 16. e4 {[%emt 0:00:44]} O-O {[%emt 0:00:11]} 17. Rc1 {[%emt 0:01:14]} Ra5 {[%emt 0:01:04]} 18. c5 {[%emt 0:02:22]} dxc5 {[%emt 0:00:21]} 19. Bc3 {[%emt 0:00:02]} Raa8 {[%emt 0:00:56]} 20. Qb2 {[%emt 0:00:02]} f6 {[%emt 0:01:23]} 21. dxc5 {[%emt 0:00:04]} Nxc5 {[%emt 0:00:17]} 22. Bb4 {[%emt 0:00:02]} Na4 {[%emt 0:01:07]} 23. Qb3 {[%emt 0:00:18]} c5 {[%emt 0:00:01]} 24. Qxe6+ {[%emt 0:00:05]} Kh8 {[%emt 0:00:02]} 25. Bd2 {[%emt 0:00:05]} Rfe8 {[%emt 0:00:53]} 26. Qf5 {[%emt 0:02:24]} Rad8 {[%emt 0:01:15]} 27. Qf4 {[%emt 0:00:13]} Qxf4 {[%emt 0:00:29]} 28. Bxf4 {[%emt 0:00:04]} Bc6 {[%emt 0:00:01]} 29. O-O {[%emt 0:00:01]} f5 {[%emt 0:00:12]} 30. e5 {[%emt 0:00:05]} g5 {[%emt 0:00:08]} 31. Bxg5 {[%emt 0:01:40]} Rg8 {[%emt 0:00:03]} 32. h4 {[%emt 0:00:01]} h6 {[%emt 0:00:01]} 33. f4 {[%emt 0:00:01]} Rd4 {[%emt 0:01:02]} 34. Rc4 {[%emt 0:00:32]} hxg5 {[%emt 0:00:04]} 35. fxg5 {[%emt 0:00:07]} Rgd8 {[%emt 0:00:02]} 36. h5 {[%emt 0:00:22]} Rxc4 {[%emt 0:00:14]} 37. Bxc4 {[%emt 0:00:02]} Rd4 {[%emt 0:00:01]} 38. Bf7 {[%emt 0:00:06]} Rg4+ {[%emt 0:00:27]} 39. Kh2 {[%emt 0:00:03]} Rg2+ {[%emt 0:00:18]} 40. Kh3 {[%emt 0:00:02]} Rxg5 {[%emt 0:00:02]} 41. e6 {[%emt 0:00:02]} Bg2+ {[%emt 0:00:07]} 42. Kh4 {[%emt 0:00:01]} Rg4# {[%emt 0:00:02]} 0-1

[Event "European Online Club-ch-D 2021"]
[Site "Online"]
[Date "2021.03.27"]
[Round "7.19"]
[White "Hoffmann, Hendrik"]
[Black "Gongora Montes, Benjamin"]
[Result "1-0"]
[WhiteElo "2242"]
[BlackElo "2198"]
[Annotator "NA"]
[PlyCount "91"]
[EventDate "2021.03.27"]
[EventType "team-tourn"]
[EventCountry "NET"]
[SourceTitle "playchess.com"]
[Source "ChessBase"]
[SourceQuality "1"]
[TimeControl "900+5"]

1. e4 {[%emt 0:00:00]} e5 {[%emt 0:00:06]} 2. Nf3 {[%emt 0:00:04]} Nc6 {[%emt 0:00:04]} 3. Nc3 {[%emt 0:00:04]} Nf6 {[%emt 0:00:04]} 4. d4 {[%emt 0:00:03]} exd4 {[%emt 0:00:04]} 5. Nxd4 {[%emt 0:00:02]} Bb4 {[%emt 0:00:04]} 6. Nxc6 {[%emt 0:00:03]} bxc6 {[%emt 0:00:04]} 7. Bd3 {[%emt 0:00:02]} d5 {[%emt 0:00:04]} 8. exd5 {[%emt 0:00:03]} Qe7+ {[%emt 0:00:04]} 9. Qe2 {[%emt 0:00:43]} Qxe2+ {[%emt 0:00:05]} 10. Bxe2 {[%emt 0:00:15]} cxd5 {[%emt 0:00:37]} 11. O-O {[%emt 0:00:10]} O-O {[%emt 0:01:31]} 12. Bf4 {[%emt 0:00:39]} c6 {[%emt 0:00:04]} 13. a3 {[%emt 0:00:11]} Bxc3 {[%emt 0:01:03]} 14. bxc3 {[%emt 0:00:00]} Ne4 {[%emt 0:00:06]} 15. Be5 {[%emt 0:02:04]} Re8 {[%emt 0:00:11]} 16. Bd4 {[%emt 0:00:34]} c5 {[%emt 0:00:49]} 17. Bb5 {[%emt 0:00:05]} Re6 {[%emt 0:00:04]} 18. f3 {[%emt 0:00:19]} cxd4 {[%emt 0:04:12]} 19. fxe4 {[%emt 0:00:06]} Rxe4 {[%emt 0:00:02]} 20. Bc6 {[%emt 0:00:11]} Rb8 {[%emt 0:00:10]} 21. Bxd5 {[%emt 0:00:02]} Re7 {[%emt 0:00:46]} 22. cxd4 {[%emt 0:00:22]} Ba6 {[%emt 0:00:03]} 23. c4 {[%emt 0:01:50]} h5 {[%emt 0:01:38]} 24. Rf5 {[%emt 0:00:35]} Rb2 {[%emt 0:00:31]} 25. Raf1 {[%emt 0:00:17]} Bb7 {[%emt 0:01:40]} 26. Rxf7 {[%emt 0:02:04]} Bxd5 {[%emt 0:00:47]} 27. Rf8+ {[%emt 0:00:05]} Kh7 {[%emt 0:00:04]} 28. cxd5 {[%emt 0:00:02]} Rd2 {[%emt 0:00:33]} 29. R8f5 {[%emt 0:00:43]} Kg6 {[%emt 0:00:28]} 30. h4 {[%emt 0:01:51]} Rxd4 {[%emt 0:00:08]} 31. Rg5+ {[%emt 0:00:08]} Kh6 {[%emt 0:00:04]} 32. g3 {[%emt 0:00:22]} Rd3 {[%emt 0:00:58]} 33. a4 {[%emt 0:00:58]} Ree3 {[%emt 0:00:09]} 34. Kg2 {[%emt 0:00:05]} Rd2+ {[%emt 0:00:21]} 35. Rf2 {[%emt 0:00:02]} Red3 {[%emt 0:00:02]} 36. Rxd2 {[%emt 0:00:12]} Rxd2+ {[%emt 0:00:02]} 37. Kf3 {[%emt 0:00:02]} Ra2 {[%emt 0:00:04]} 38. a5 {[%emt 0:00:40]} Rxa5 {[%emt 0:00:02]} 39. d6 {[%emt 0:00:03]} Ra3+ {[%emt 0:00:06]} 40. Ke4 {[%emt 0:00:03]} Ra4+ {[%emt 0:00:18]} 41. Kd5 {[%emt 0:00:29]} Ra1 {[%emt 0:00:03]} 42. Kc6 {[%emt 0:00:02]} Rc1+ {[%emt 0:00:10]} 43. Rc5 {[%emt 0:00:05]} Rd1 {[%emt 0:00:04]} 44. Rd5 {[%emt 0:00:01]} Rc1+ {[%emt 0:00:06]} 45. Kb7 {[%emt 0:00:08]} a5 {[%emt 0:00:04]} 46. d7 {[%emt 0:00:03]} 1-0